Les véhicules les plus cher de GTA V (online) - Statistiques

Statistiques générales
  • Ce quiz a été pris 77 fois
  • Le résultat moyen est 3 sur 10
Statistiques - réponses
Rang Prix Réponse Indice % Correct
#1 10 000 000 $ Buckingham Luxor Deluxe Avion
58%
#2 6 500 000 $ JoBuilt P-996 LAZER Avion
50%
#6 4 721 500 $ Imponte Deluxo Coupés sportifs
37%
#7 4 628 400 $ Declasse Scramjet Supersportive
28%
#9 3 750 000 $ Grotti Vigilante Supersportive
22%
#5 5 150 000 $ Buckingham Swift Deluxe Hélicoptère
20%
#8 4 250 000 $ Pegassi Toreador Sportive classique
18%
#10 3 515 000 $ Progen PR4 Ultralégère
17%
#3 5 745 600 $ Imponte Ruiner 2000 Grosse cylindrée
13%
#4 5 173 700 $ Mammoth Tula Avion
7%
Aucun quiz correspondant
Distribution des résultats
% des personnes avec chaque résultat
Percentile par nombre de réponses
Votre historique - résultats
Vous n’avez pas pris ce quiz